| 000 | 006190000a22001810004500 | ||
|---|---|---|---|
| 003 | MACL | ||
| 005 | 20160228163627.0 | ||
| 008 | 160228b xxu||||| |||| 00| 0 eng d | ||
| 040 |
_aMACL _cMACL |
||
| 041 | _aHindi | ||
| 082 | _a800 | ||
| 100 |
_aउपाध्याय विश्वम्भरनाथ _940367 |
||
| 245 |
_aबिन्दु प्रति बिन्दु _bसमकालीन अालोचना |
||
| 260 |
_bपंचशील प्रकाशन _c1984 _aनई दिल्ली |
||
| 350 | _a45 | ||
| 650 |
_aLiterature _941434 |
||
| 942 |
_cHIN _k800 _2ddc |
||
| 999 |
_c28825 _d28825 |
||